000
00275nmm a2200097Ia 4500
008
220120s9999||||xx |||||||||||||||||und||
020
_a
81-7722-737-8
100
_a
Digit
245
0
_a
Ashampoo getback photo ARES commander ed., quickheal Antivir
260
_a
Nine dot Nine
_c
2013
999
_c
139862
_d
139862